15 principales países afectados por Covid19 - 4 agosto - Estadísticas

Estadísticas generales
  • Esta prueba ha sido intentada 14 veces
  • La puntuación promedio es 14 de 25
Estadísticas de respuestas
país % Correcto
España
100%
Estados Unidos
100%
México
100%
Brasil
90%
Italia
90%
Rusia
90%
Colombia
80%
Irán
80%
Reino Unido
80%
Chile
70%
Chile
70%
India
70%
Perú
70%
Arabia Saudita
50%
Sudáfrica
50%
Pakistán
40%
Suecia
30%
Israel
20%
Panamá
20%
Singapur
20%
Armenia
10%
Baréin
10%
Catar
10%
Kuwait
10%
Omán
10%
No se encontraron pruebas coincidentes
Distribución de puntuación
Porcentaje de gente con cada puntuación
Porcentaje por número respondido
Historial de tus puntuaciones
No has intentado esta prueba.